[Event "TUR-ch (Women)"]
[Site "Antalya"]
[Date "2019.03.08"]
[Round "8"]
[White "Ince, Safiye Oyku"]
[Black "Dizdar, Didem Dilara"]
[Result "1-0"]
[WhiteElo "1931"]
[BlackElo "1383"]
[PlyCount "59"]
[EventDate "2019.03.03"]
[EventType "swiss"]
[EventRounds "9"]
[EventCountry "TUR"]
[SourceTitle "CBM 189 Extra"]
[Source "ChessBase"]
[SourceDate "2019.06.03"]
[SourceVersion "1"]
[SourceVersionDate "2019.06.03"]
[SourceQuality "1"]

1. e4 e6 2. b3 d5 3. Bb2 Nf6 4. e5 Nfd7 5. Qg4 Nc6 6. f4 Ne7 7. Nc3 Nf5 8. 0-0-0 a5 9. Bd3 Nc5 10. Bxf5 exf5 11. Qf3 Be6 12. d4 Ne4 13. Nxe4 dxe4 14. Qe3 b5 15. d5 Bc8 16. g4 b4 17. gxf5 Bxf5 18. Ne2 Qh4 19. d6 cxd6 20. exd6 Rc8 21. Ng3 Qh3 22. Nxf5 Qxe3+ 23. Nxe3 Kd7 24. Nc4 Rxc4 25. bxc4 h5 26. Rhg1 Rh6 27. Bxg7 Bxg7 28. Rxg7 Rf6 29. c5 e3 30. c6+ 1-0